000 00637nam a2200229Ia 4500
003 OSt
005 20221005121154.0
006 a|||||r|||| 00| 0
007 ta
008 221004b |||||||| |||| 00| 0 eng d
024 _a42074
037 _cTextual
040 _aCRL
_cCRL
_beng
041 _2eng
_aeng
082 _aO113:1L49:9z7, 111H9
100 _aGoethe
_917626
245 0 _aGoethe Unesco's homage on the occasion of the two hundredth anniversary of his birth
260 _c1949
650 _aENGLISH LITERATURE
942 _hO113:1L49:9z7, 111H9
_cTEXL
_2cc
999 _c1040353
_d1040353